| 000 | 01102nam a22003017a 4500 | ||
|---|---|---|---|
| 003 | EG-ScBUE | ||
| 005 | 20220328133445.0 | ||
| 008 | 170709s2013 ua a f 000 fbara d | ||
| 017 | _a2010 / 29745 | ||
| 020 | _a9789777043243 | ||
| 040 |
_aEG-ScBUE _bara _erda _cEG-ScBUE _dEG-ScBUE |
||
| 082 | 0 | 4 |
_a892.737 _bع ا م _222 |
| 100 | 1 |
_aعامر، منير، _eمؤلف. |
|
| 245 | 1 | 0 |
_aعناق الأزرق والأخضر : _bرواية تسجيلية عن حياة الفنان سيف وانلي / _cمنير عامر. |
| 250 | _aالطبعة الأولى. | ||
| 264 | 1 |
_aالقاهرة : _bالمجلس الأعلى للثقافة، _c2013. |
|
| 300 |
_a246 صفحة : _bإيضاحيات ملونة ؛ _c24 سم |
||
| 336 |
_2rdacontent _aنص _btxt |
||
| 337 |
_2rdamedia _aبدون وسيط _bn |
||
| 338 |
_2rdacarrier _aمجلد _bnc |
||
| 590 | _aسارة | ||
| 600 | 1 | 7 |
_aوانلي، سيف _d1906-1979. _2BUEsh |
| 650 | 7 |
_aالقصص العربية _zمصر _yقرن 20. _2BUEsh _928134 |
|
| 651 | _2BUEsh | ||
| 653 |
_bARALIT _cJuly2017 |
||
| 655 |
_vReading book _934232 |
||
| 942 | _2ddc | ||
| 999 |
_c25003 _d24975 |
||